Fundamentals of embedded software: C and assembly (Record no. 273)
[ view plain ]
| 000 -LEADER | |
|---|---|
| Fixed length control field | 00409nam a2200157 4500 |
| 003 - CONTROL NUMBER IDENTIFIER | |
| Control field | SEACOMEC |
| 005 - DATE AND TIME OF LATEST TRANSACTION | |
| Control field | 20231221130114.0 |
| 008 - FIXED-LENGTH DATA ELEMENTS--GENERAL INFORMATION | |
| Fixed length control field | 231221b |||||||| |||| 00| 0 eng d |
| 040 ## - CATALOGING SOURCE | |
| Original cataloging agency | SEACOMEC |
| 082 ## - DEWEY DECIMAL CLASSIFICATION NUMBER | |
| Classification number | 005.12 |
| Book Number | L671 |
| 100 1# - MAIN ENTRY--PERSONAL NAME | |
| Personal name | Lewis,Daniel W. |
| 245 1# - TITLE STATEMENT | |
| Title | Fundamentals of embedded software: C and assembly |
| 260 1# - IMPRINT | |
| Place of publication | Delhi |
| Name of publisher | Pearson |
| Date of publication | 2003 |
| 650 ## - SUBJECT ADDED ENTRY--TOPICAL TERM | |
| Topical term | Computer science,Programming |
| 942 ## - ADDED ENTRY ELEMENTS (KOHA) | |
| Koha item type | Books |
| Withdrawn status | Lost status | Source of classification | Damaged status | Not for loan | Home library | Current library | Date acquired | Total Checkouts | Call number | Date last seen | Price effective from | Koha item type | Accession number | Copy number |
|---|---|---|---|---|---|---|---|---|---|---|---|---|---|---|
| Dewey Decimal Classification | SEACOM ENGINEERING COLLEGE | SEACOM ENGINEERING COLLEGE | 01/06/2006 | 005.12 L671 | 21/12/2023 | 21/12/2023 | Books | |||||||
| Dewey Decimal Classification | SEACOM ENGINEERING COLLEGE | SEACOM ENGINEERING COLLEGE | 01/06/2006 | 005.12 L671 | 21/12/2023 | 21/12/2023 | Books | 00336 | 1 |
